Datum a čas kvízu

34.5 Celkem bodů Celkový počet nahraných bodů na tomto kvízu bez doplňovacích otázek.
2. Pořadí na kvízu Konečné umístění týmu na tomto kvízu.

Zaznamenané odpovědi

# Otázka Odpověď Body Výsledky
1. Která česká zoologická zahrada... Zoo Plzeň 0
2. Na internetu se minulý týden o... A 0
3. Napište jméno skotského herce... Iain Glen; Hra o trůny 0.5
4. Kterou americkou komunikační p... WhatsApp 1
5. Na sociálních sítích jste mohl... B) krasobruslení 0
6. Hned v úvodu bod rozdělíme: za... Ulánbátar; Altaj 1
7. Mongolština může být zapisován... cyrilice (azbuka) 1
8. Jak se jmenuje hudební skupina... The Hu 0
9. Tato obydlí se v Mongolsku ozn... jurta 1
10. Jak se jmenuje česká spisovate... Petra Hůlová 1